Tilastot visalle Sanat "Lapin kesä"

Klikkaa tästä pelataksesi tätä visaa!

Yleistilastot

  • Tätä visaa on pelattu 130 kertaa
  • Keskiarvotulos 101 / 201

Vastaustilastot

Vastaus% Oikein
kaikki
94%
kukkii
94%
Lapissa
94%
nopeasti
91%
ma
90%
90%
vaivaiskoivutkin
87%
ja
82%
Ja
82%
Maa
82%
ohra
82%
ruoho
79%
on
78%
On
78%
jo
75%
Miks
71%
niin
69%
kaunis
68%
Kun
68%
kun
68%
kuolla
65%
Se
65%
Tääl
65%
tahtoo
65%
Lapin
62%
Meil'
62%
meillä
62%
mieli
62%
Ne
62%
ne
62%
oon
62%
vähän
62%
monta
61%
raskahasti
61%
kansan
60%
kanteleen
60%
mielipuolta
60%
tämän
60%
katson
58%
usein
58%
vaiheisiin
58%
surkastua
57%
Te
57%
tuntenut
57%
Vaan
57%
mies
56%
hautaan
55%
suuri
55%
valmis
55%
joutsenista
53%
käyttäjiä
53%
nuori
53%
miksi
52%
palaa
52%
suvi
52%
sylilapset
52%
syntyy
52%
alhaiseen
51%
Oi
51%
täällä
51%
keväisin
49%
lähtee
49%
mietin
49%
oppi
49%
ukkoina
49%
kesän
48%
muu
48%
näitä
48%
ottakaatte
48%
pyydän
48%
merkki
47%
minä
47%
palatkaa
47%
rauhallista
47%
tunturin
47%
Tuon
47%
vanhuuden
47%
rinne
45%
rukoilen
45%
syksyin
45%
talven
45%
vain
45%
en
44%
kuin
44%
Kuin
44%
harmaahapset
43%
varhaisen
43%
kukoistus
42%
itse
40%
Mut
40%
rannoillamme
40%
lyhyt
39%
Miest'
39%
Sit'
39%
valkolinnut
39%
vieraat
39%
yksi
39%
aurinko
38%
huvi
38%
Jos
38%
kaatuu
38%
kukkain
38%
Muualla
38%
riemu
38%
Tai
38%
tosiaan
38%
turvaisa
38%
aatellessa
36%
apeutuu
36%
kaikkialla
36%
meidän
36%
miestä
36%
säihkyy
36%
vastaus
36%
vietin
36%
hengen
35%
kohtaloita
35%
linnunlaulu
35%
tänne
35%
tulta
35%
veren
35%
aatteen
34%
etelän
34%
hehkuu
34%
pesän
34%
tehden
34%
valta
34%
aatteet
32%
hetken
32%
kansain
32%
maatuu
32%
muutattekin
32%
näätte
32%
pitkä
32%
toiveen
32%
valaiskaa
32%
heinää
31%
maihin
31%
maita
31%
seuraa
31%
halki
30%
huokailen
30%
käskyä
30%
katkeaa
30%
kesken
30%
levähtää
30%
poistuneen
30%
retken
30%
täältä
30%
tervehdän
30%
jääkää
29%
lentäkäätte
29%
teitä
29%
Tekoja
29%
Vanhoissa
29%
ilman
27%
lennostaan
27%
luokaa
27%
suuret
27%
tunteen
27%
alkaa
26%
aurinkoisen
26%
jättävät
26%
maan
26%
taas
26%
toimiansa
25%
Havisten
23%
jäisen
23%

Tulosjakauma

Persentiili vastausten määrän mukaan

Jokaisen tuloksen saaneiden osuus

Tuloshistoriasi

Et ole pelannut tätä visaa